[Event "AUTO-ADV-635"]
[Site "http://www.queenalice.com/game.php?id=431383"]
[Date "2008.7.11"]
[Round "3"]
[White "Roman"]
[Black "technicaldraw"]
[Result "1-0"]
[WhiteElo "1999"]
[BlackElo "1975"]

1. e4 e6 2. d4 d5 3. Nc3 Bb4 4. e5 Ne7 5. Bg5 c5 6. a3 Bxc3+ 7. bxc3 c4 8. Nf3
Nbc6 9. Be2 Qa5 10. Qd2 a6 11. O-O b5 12. h4 h6 13. Bf4 Nf5 14. Rfb1 Bd7 15. Qc1
Nce7 16. g4 g5 17. hxg5 hxg5 18. Bxg5 Ng7 19. Bf6 Rg8 20. Qd2 Nh5 21. g5 Nf5 22.
Nh2 Nxf6 23. exf6 Qc7 24. Ng4 O-O-O 25. Ne5 Rh8 26. Bf3 Rdg8 27. Kf1 Be8 28. Ke2
Rh2 29. Rg1 Nh4 30. Rg3 Nxf3 31. Kxf3 Rgh8 32. Rag1 Qa5 33. Ra1 R2h3 34. Qe3 Qc7
35. Ke2 R3h4 36. Rg4 Rxg4 37. Nxg4 Rh4 38. Qf3 Rh5 39. Qe3 Rh4 40. Qf3 Rh5 41.
Qe3 Rh4 42. f3 a5 43. Kd2 Rh3 44. Kc1 b4 45. axb4 Rh1+ 46. Kb2 Rxa1 47. Kxa1
axb4 48. cxb4 Qa7+ 49. Kb2 Qa4 50. Qa3 Qc6 51. Ne5 Qb7 52. c3 Kb8 53. Qa5 Qc7
54. Qa6 Qb7 55. Qxb7+ Kxb7 56. g6 1-0

[Event "AUTO-OPEN-774"]
[Site "http://www.queenalice.com/game.php?id=436452"]
[Date "2008.7.21"]
[Round "2"]
[White "Roman"]
[Black "jamesc"]
[Result "1-0"]
[WhiteElo "1955"]
[BlackElo "1982"]

1. e4 c5 2. Nf3 Nc6 3. d4 cxd4 4. Nxd4 Qb6 5. Nf3 e5 6. Nc3 Bc5 7. Qd2 Qc7 8.
Nd5 Qd6 9. Qg5 g6 10. Bd3 f6 11. Qd2 Nge7 12. Ne3 Nd4 13. Nxd4 Bxd4 14. Nc4 Qe6
15. O-O d5 16. exd5 Qxd5 17. c3 Bc5 18. Ne3 Bxe3 19. Qxe3 Nf5 20. Qe2 Be6 21.
Bb5+ Kf7 22. Be3 Nxe3 23. fxe3 e4 24. Rfd1 Qg5 25. Rd6 Rhd8 26. Rad1 Rxd6 27.
Rxd6 Qe5 28. Rd4 h5 29. Bc4 f5 30. Bxe6+ Kxe6 31. Qd1 b5 32. Qb3+ Kf6 33. Rd7
Qc5 34. Kf2 Rc8 35. Qf7+ Kg5 36. Rxa7 Rd8 37. Rd7 Ra8 38. Rc7 Qb6 39. Qe7+ Qf6
40. h4+ 1-0

[Event "AUTO-OPEN-774"]
[Site "http://www.queenalice.com/game.php?id=436453"]
[Date "2008.7.21"]
[Round "2"]
[White "jamesc"]
[Black "Roman"]
[Result "1-0"]
[WhiteElo "1967"]
[BlackElo "1934"]

1. e4 c5 2. Nc3 d6 3. f4 Nc6 4. Nf3 e6 5. Bc4 Nf6 6. e5 Nd7 7. exd6 Bxd6 8. d4
cxd4 9. Nxd4 Bc5 10. Be3 Na5 11. Qd3 a6 12. a3 Nxc4 13. Qxc4 b5 14. Qd3 Bb7 15.
O-O O-O 16. b4 Ba7 17. a4 e5 18. Nf5 exf4 19. Bxa7 Rxa7 20. Rxf4 Qg5 21. g3 Ne5
22. Qe2 Nc4 23. h4 Qxg3+ 24. Nxg3 Raa8 25. Qe7 Rab8 26. Raf1 bxa4 27. Rxf7 1-0

[Event "AUTO-OPEN-774"]
[Site "http://www.queenalice.com/game.php?id=452432"]
[Date "2008.8.23"]
[Round "3"]
[White "Roman"]
[Black "jamesc"]
[Result "1-0"]
[WhiteElo "2032"]
[BlackElo "1860"]

1. e4 c5 2. Nf3 Nc6 3. d4 cxd4 4. Nxd4 e5 5. Nf3 Nf6 6. Nc3 Bb4 7. Bg5 Qa5 8.
Bd2 O-O 9. a3 Bxc3 10. Bxc3 Qc5 11. Bd3 1-0

[Event "AUTO-OPEN-774"]
[Site "http://www.queenalice.com/game.php?id=452435"]
[Date "2008.8.23"]
[Round "3"]
[White "Roman"]
[Black "joaoreis001"]
[Result "1-0"]
[WhiteElo "2021"]
[BlackElo "1738"]

1. e4 e5 2. Nf3 f5 3. Nxe5 Nf6 4. exf5 d6 5. Nf3 Bxf5 6. Nc3 Nc6 7. Be2 Qe7 8.
O-O Nb4 9. d3 O-O-O 10. Nd4 Bd7 11. a3 Nbd5 12. Bf3 h5 13. Nxd5 Nxd5 14. Bxd5 g5
15. Re1 Qf6 16. Ne6 Re8 17. Bxg5 Qf5 18. Be4 Qf7 19. Nxf8 Rexf8 20. Bh4 Rhg8 21.
Qd2 Qg7 22. Qb4 b6 23. Re3 c5 24. Qc4 Qd4 25. Qa6+ Kc7 26. Qb7# 1-0

[Event "AUTO-OPEN-774"]
[Site "http://www.queenalice.com/game.php?id=452436"]
[Date "2008.8.23"]
[Round "3"]
[White "joaoreis001"]
[Black "Roman"]
[Result "0-1"]
[WhiteElo "1733"]
[BlackElo "2026"]

1. e4 c5 2. Bc4 Nc6 3. Nf3 Nf6 4. Ng5 e6 5. O-O h6 6. Nf3 d6 7. Nc3 Nxe4 8. Nxe4
d5 9. Bd3 c4 10. Bxc4 dxc4 11. a3 Be7 12. Qe2 b5 13. Rd1 Nd4 14. Nxd4 Qxd4 15.
c3 Qd3 16. Qe3 Bb7 17. f3 Rc8 18. Re1 O-O 19. Nf2 Qg6 20. Ng4 Bc5 21. Kh1 Bxe3
22. dxe3 Qc2 23. e4 f5 24. exf5 exf5 25. Ne3 Qf2 26. Rg1 Rf6 27. Rf1 Qe2 28. Nd1
Qxf1# 0-1

[Event "Challenge"]
[Site "http://www.queenalice.com/game.php?id=464135"]
[Date "2008.9.16"]
[Round "-"]
[White "zegan13"]
[Black "Roman"]
[Result "1-0"]
[WhiteElo "2229"]
[BlackElo "2024"]

1. e4 c5 2. Nf3 d6 3. d4 cxd4 4. Nxd4 Nf6 5. Nc3 a6 6. Bc4 e6 7. Bb3 Qc7 8. O-O
Be7 9. f4 Nc6 10. Be3 O-O 11. f5 Nxd4 12. Bxd4 Bd7 13. Qf3 Rac8 14. Rad1 b5 15.
fxe6 fxe6 16. Qh3 d5 17. exd5 exd5 18. Nxd5 Nxd5 19. Bxd5+ Kh8 20. Qh6 Rxf1+ 21.
Rxf1 1-0

[Event "Challenge"]
[Site "http://www.queenalice.com/game.php?id=464136"]
[Date "2008.9.16"]
[Round "-"]
[White "Roman"]
[Black "zegan13"]
[Result "0-1"]
[WhiteElo "2029"]
[BlackElo "2266"]

1. e4 e6 2. d4 d5 3. Nc3 Nf6 4. Bg5 Bb4 5. e5 h6 6. Bd2 Bxc3 7. Bxc3 Ne4 8. Bd3
Nxc3 9. bxc3 c5 10. c4 cxd4 11. Nf3 Nc6 12. O-O O-O 13. Re1 Qc7 14. cxd5 exd5
15. Bb5 Bg4 16. Bxc6 Bxf3 17. gxf3 Qxc6 18. Qxd4 Rac8 19. Re2 Rfd8 20. Qd3 Qe6
21. f4 Qg4+ 22. Kf1 Qxf4 23. Kg1 d4 24. Rae1 Rc3 25. Qd2 Qg4+ 26. Kh1 Qf3+ 27.
Kg1 Rd5 28. Re4 Rc6 29. Rf4 Rg6+ 30. Kf1 Qh1+ 31. Ke2 Rxe5+ 32. Kd1 Rxe1+ 0-1

[Event "Challenge"]
[Site "http://www.queenalice.com/game.php?id=467650"]
[Date "2008.9.24"]
[Round "-"]
[White "ORNELAS"]
[Black "Roman"]
[Result "0-1"]
[WhiteElo "1750"]
[BlackElo "2016"]

1. b3 d5 2. Bb2 c5 3. d3 Nc6 4. g3 e5 5. Bg2 Nf6 6. Nd2 Bd6 7. c4 Ne7 8. Ngf3
Qc7 9. e4 d4 10. h3 Bd7 11. Ng5 Ng6 12. Ndf3 h6 13. Bc1 hxg5 14. Nxg5 Bc6 15.
O-O O-O-O 16. Qf3 Rdf8 17. Bd2 Nh5 18. Qg4+ Bd7 19. Qd1 Be7 20. Nf3 Nf6 21. a4
Bxh3 22. Ng5 Bxg2 23. Kxg2 Nh7 24. Nh3 f5 25. exf5 Qc6+ 26. f3 Rxf5 27. Qe2 Ng5
28. g4 Nh4+ 29. Kh2 Nhxf3+ 30. Rxf3 Nxf3+ 31. Kg3 Bh4+ 32. Kg2 Nxd2+ 33. Kh2
Nf3+ 34. Kg2 Rff8 35. a5 Bd8 36. a6 Ng5+ 37. Kg1 Nxh3+ 38. Kh2 Nf4+ 39. Kg3 Rh3+
40. Kf2 Nxd3+ 41. Kg1 Rh1# 0-1

[Event "Challenge"]
[Site "http://www.queenalice.com/game.php?id=506842"]
[Date "2008.12.12"]
[Round "-"]
[White "DenisDiaz"]
[Black "Roman"]
[Result "1-0"]
[WhiteElo "1973"]
[BlackElo "2060"]

1. e4 c5 2. Nf3 d6 3. d4 cxd4 4. Nxd4 Nf6 5. f3 a6 6. Be2 Nc6 7. Be3 e6 8. c4
Be7 9. O-O O-O 10. Nxc6 bxc6 11. Nc3 Rb8 12. b3 Qc7 13. Na4 Nd7 14. Bf4 Rb7 15.
c5 e5 16. cxd6 Bxd6 17. Bxa6 exf4 18. Bxb7 Bxb7 19. Qc2 Ne5 20. Rfd1 Ng6 21. Qf2
f5 22. exf5 Rxf5 23. Rac1 Ba3 24. Rc2 c5 25. Qe2 Re5 26. Qc4+ Kf8 27. Rcd2 Re8
28. Rd7 Re1+ 29. Kf2 Qxd7 30. Rxd7 Re7 31. Rd8+ Re8 32. Rxe8+ Kxe8 33. Qb5+ 1-0

[Event "AUTO-MASTER-716"]
[Site "http://www.queenalice.com/game.php?id=524609"]
[Date "2009.1.18"]
[Round "1"]
[White "amand"]
[Black "Roman"]
[Result "1-0"]
[WhiteElo "2180"]
[BlackElo "2021"]

1. Nf3 c5 2. g3 d5 3. Bg2 Nc6 4. d4 e6 5. O-O Nf6 6. e3 Bd6 7. dxc5 Bxc5 8. Nbd2
O-O 9. b3 e5 10. Bb2 Bd6 11. c4 Be6 12. Ng5 h6 13. Nxe6 fxe6 14. Rc1 Nb4 15. c5
Bc7 16. Ra1 Nd3 17. Qc2 e4 18. Bc3 Nxc5 19. Bxf6 Qxf6 20. Qxc5 Be5 21. Rab1 Rfc8
22. Qb5 b6 23. Rbc1 Rf8 24. Bh3 Rad8 25. f4 Bb8 26. Rc6 Rd6 27. Rfc1 Rfd8 28.
Qa6 Kh7 29. Qb7 Qb2 30. R1c2 Qf6 31. Rxd6 Bxd6 32. Qxa7 Bc5 33. Nf1 d4 34. Qb7
dxe3 35. Qxe4+ Kh8 36. Kg2 1-0

[Event "AUTO-MASTER-716"]
[Site "http://www.queenalice.com/game.php?id=524610"]
[Date "2009.1.18"]
[Round "1"]
[White "Roman"]
[Black "amand"]
[Result "0-1"]
[WhiteElo "2043"]
[BlackElo "2187"]

1. e4 c5 2. Nf3 Nc6 3. d4 cxd4 4. Nxd4 Nf6 5. Nc3 d6 6. Be2 e6 7. O-O Be7 8. Kh1
O-O 9. f4 a6 10. Bf3 Qc7 11. Be3 Rb8 12. a3 Bd7 13. Qd2 Rfd8 14. Qf2 Rdc8 15.
Rad1 b5 16. Nde2 b4 17. Nb1 bxa3 18. bxa3 Na5 19. c3 Nc4 20. Bd4 e5 21. fxe5
dxe5 22. Be3 Nxe3 23. Qxe3 Rb2 24. Rd2 Rcb8 25. c4 Rxb1 26. Rxb1 Rxb1+ 27. Ng1
Bc5 0-1

[Event "AUTO-MASTER-716"]
[Site "http://www.queenalice.com/game.php?id=524625"]
[Date "2009.1.18"]
[Round "1"]
[White "Roman"]
[Black "Bruscato"]
[Result "0-1"]
[WhiteElo "2033"]
[BlackElo "2284"]

1. e4 e6 2. d4 d5 3. Nc3 Bb4 4. e5 c5 5. a3 Bxc3+ 6. bxc3 Qc7 7. Nf3 Ne7 8. a4
Nbc6 9. Be2 cxd4 10. cxd4 O-O 11. O-O Nf5 12. c3 f6 13. Ba3 Rd8 14. g4 Nfe7 15.
Bd6 Rxd6 16. exd6 Qxd6 17. a5 e5 18. h3 e4 19. Nd2 f5 20. c4 Nxd4 21. cxd5 Qf4
22. Nb3 Nxe2+ 23. Qxe2 fxg4 24. d6 gxh3 25. dxe7 Qg5+ 0-1

[Event "AUTO-MASTER-716"]
[Site "http://www.queenalice.com/game.php?id=524626"]
[Date "2009.1.18"]
[Round "1"]
[White "Bruscato"]
[Black "Roman"]
[Result "1-0"]
[WhiteElo "2273"]
[BlackElo "2027"]

1. e4 c5 2. Nf3 Nc6 3. d4 cxd4 4. Nxd4 Nf6 5. Nc3 d6 6. Be2 e6 7. O-O a6 8. Be3
Be7 9. f4 Qc7 10. f5 d5 11. fxe6 fxe6 12. exd5 exd5 13. Rxf6 Bxf6 14. Nxd5 Qe5
15. Nxc6 bxc6 16. Nxf6+ Qxf6 17. Bh5+ Kf8 18. Bd4 Qg5 19. Qf3+ Ke7 20. Qxc6 Qxh5
21. Re1+ Kf8 22. Qd6+ Kg8 23. Qd8+ Kf7 24. Qe7+ Kg6 25. Qxg7+ 1-0

[Event "AUTO-MASTER-716"]
[Site "http://www.queenalice.com/game.php?id=524627"]
[Date "2009.1.18"]
[Round "1"]
[White "Roman"]
[Black "laurentb121"]
[Result "0-1"]
[WhiteElo "2016"]
[BlackElo "2236"]

1. e4 c5 2. Nf3 g6 3. d4 cxd4 4. Nxd4 Nc6 5. Be3 Nf6 6. Nc3 Bg7 7. Be2 O-O 8.
O-O d5 9. exd5 Nxd5 10. Nxd5 Qxd5 11. Bf3 Qa5 12. Nb3 Qc7 13. c3 Bf5 14. Qe2 Ne5
15. Rfd1 Rfd8 16. Nd4 Nxf3+ 17. Qxf3 Bd7 18. Nb3 Bc6 19. Qe2 b6 20. Nd4 Bb7 21.
Rd2 e5 22. Nf3 Rxd2 23. Nxd2 Rd8 24. Re1 Qc6 25. f3 Qa4 26. a3 Ba6 27. Qf2 h6
28. Ne4 f5 29. Nf6+ Bxf6 30. Bxh6 Qh4 31. Be3 Qxf2+ 32. Bxf2 Rd2 0-1

[Event "AUTO-MASTER-716"]
[Site "http://www.queenalice.com/game.php?id=524628"]
[Date "2009.1.18"]
[Round "1"]
[White "laurentb121"]
[Black "Roman"]
[Result "1-0"]
[WhiteElo "2230"]
[BlackElo "2019"]

1. e4 c5 2. Nc3 Nc6 3. f4 d6 4. Nf3 Nf6 5. Bb5 e6 6. Bxc6+ bxc6 7. d3 Be7 8. O-O
Qc7 9. e5 Nd7 10. Qe2 d5 11. Nd1 O-O 12. c4 Ba6 13. Ne3 Rab8 14. b3 Rfd8 15. Bb2
h6 16. f5 d4 17. fxe6 fxe6 18. Ng4 Rf8 19. Rae1 Rf7 20. Bc1 Rbf8 21. Bxh6 gxh6
22. Nxh6+ Kg7 23. Nxf7 Rxf7 24. Nxd4 Rxf1+ 25. Rxf1 cxd4 26. Qg4+ Kh7 27. Qh5+
1-0

[Event "Challenge"]
[Site "http://www.queenalice.com/game.php?id=528636"]
[Date "2009.1.24"]
[Round "-"]
[White "Darky"]
[Black "Roman"]
[Result "0-1"]
[WhiteElo "1614"]
[BlackElo "2017"]

1. e4 c5 2. Nf3 d6 3. d4 cxd4 4. Nxd4 Nf6 5. Nc3 e6 6. Be2 Be7 7. O-O O-O 8. Be3
Bd7 9. Kh1 Nc6 10. Nb3 a6 11. f4 Qc7 12. a4 Rac8 13. a5 Nb4 0-1

[Event "Challenge"]
[Site "http://www.queenalice.com/game.php?id=528637"]
[Date "2009.1.24"]
[Round "-"]
[White "Roman"]
[Black "Darky"]
[Result "1-0"]
[WhiteElo "2013"]
[BlackElo "1616"]

1. e4 c5 2. Nf3 Nc6 3. d4 cxd4 4. Nxd4 Nf6 5. Nc3 e5 6. Nb3 Be7 7. Be2 d6 8. O-O
Be6 9. Kh1 d5 10. exd5 Nxd5 11. Bf3 1-0

[Event "Challenge"]
[Site "http://www.queenalice.com/game.php?id=533277"]
[Date "2009.2.1"]
[Round "-"]
[White "general_zod"]
[Black "Roman"]
[Result "0-1"]
[WhiteElo "1264"]
[BlackElo "2011"]

1. e4 c5 2. e5 Nc6 3. Nf3 Qc7 4. d4 cxd4 5. Nxd4 Nxe5 6. Nc3 Nf6 7. Bg5 e6 8. a3
a6 9. Bd3 Bc5 10. Nf3 Neg4 11. O-O h6 12. Bxf6 Nxf6 0-1

[Event "Challenge"]
[Site "http://www.queenalice.com/game.php?id=543626"]
[Date "2009.2.20"]
[Round "-"]
[White "kingside"]
[Black "Roman"]
[Result "1/2-1/2"]
[WhiteElo "2143"]
[BlackElo "2011"]

1. e4 c5 2. Nf3 d6 3. d4 cxd4 4. Nxd4 Nf6 5. Bd3 e6 6. O-O Nc6 7. Be3 Be7 8. Re1
O-O 9. Nc3 a6 10. a3 Qc7 11. f3 Bd7 12. Nxc6 Bxc6 13. Qe2 Rac8 14. Rac1 Nd7 15.
Qd2 Ne5 16. Be2 b5 17. Bd3 Ba8 18. Nd1 1/2-1/2

[Event "Challenge"]
[Site "http://www.queenalice.com/game.php?id=551467"]
[Date "2009.3.6"]
[Round "-"]
[White "snare"]
[Black "Roman"]
[Result "0-1"]
[WhiteElo "1263"]
[BlackElo "2009"]

1. e4 c5 2. Nf3 Nc6 3. Bb5 d6 4. O-O e6 5. d4 cxd4 6. Nxd4 Bd7 7. Be3 Nf6 8. Nc3
Rc8 9. Re1 a6 10. Nxc6 Bxc6 11. Bxc6+ Rxc6 12. Qf3 Be7 13. Rad1 Qc8 14. Bd4 O-O
15. Re2 Re8 16. Rdd2 Nd7 17. Qg3 Nf6 0-1